Fr. Conceicao Rodrigues College of Engineering

Who moved my cheese (Record no. 31322)

MARC details
000 -LEADER
fixed length control field 00321nam a2200157Ia 4500
082 ## - DEWEY DECIMAL CLASSIFICATION NUMBER
Classification number 658.0092
Item number JOH
100 ## - MAIN ENTRY--PERSONAL NAME
Personal name Johnson/Spencer
245 ## - TITLE STATEMENT
Title Who moved my cheese
260 ## - PUBLICATION, DISTRIBUTION, ETC.
Name of publisher, distributor, etc. Vermition
Place of publication, distribution, etc. London
Date of publication, distribution, etc. 1998
300 ## - PHYSICAL DESCRIPTION
Extent 95
546 ## - LANGUAGE NOTE
Language note ENGLISH
650 ## - SUBJECT ADDED ENTRY--TOPICAL TERM
Topical term or geographic name entry element General
654 ## - SUBJECT ADDED ENTRY--FACETED TOPICAL TERMS
Focus term cheese
942 ## - ADDED ENTRY ELEMENTS (KOHA)
Koha item type BOOK
Holdings
Withdrawn status Lost status Damaged status Not for loan Collection Home library Current library Date acquired Total Checkouts Full call number Barcode Date due Date last seen Date last checked out Price effective from Koha item type
        CRC Fr. Agnel's C.Rodrigues College of Engineering Fr. Agnel's C.Rodrigues- College of Engineering 17/03/2023 1 658.0092 JOH 13333 05/08/2011 05/06/2023 05/06/2023 17/03/2023 BOOK